Animal Names (From Chinese) - Statistics

General Stats
  • This quiz has been taken 21 times
  • The average score is 16 of 20
Answer Stats
Hint Answer % Correct
Cat
100%
Horse
100%
Bird
95%
Cow
95%
Dog
95%
Fish
95%
Bear
84%
Dragon
84%
熊猫 Panda
84%
Sheep
84%
虎 or 老虎 Tiger
84%
Chicken
79%
Monkey
74%
Pig
74%
鲨鱼 Shark
74%
Eagle
68%
Turtle
63%
Duck
53%
Wolf
53%
Ape
21%
No matching quizzes found
Score Distribution
Percent of People with Each Score
Percentile by Number Answered
Your Score History
You have not taken this quiz